000 00255nam a2200097Ia 4500
008 230907s9999||||xx |||||||||||||| ||und||
082 _a532.05,MOD
245 0 _aModelling and simulation of diffusive processes/
300 _axii, 399 pages cm
942 _cBK
999 _c597691
_d597691